Структура образцов TI-NB сплава, полученных СЛС-методом; Современные технологии и материалы новых поколений

Bibliographische Detailangaben
Parent link:Современные технологии и материалы новых поколений.— 2017.— [С. 297-299]
1. Verfasser: Рубанов В. А.
Körperschaften: Российская академия наук (РАН) Сибирское отделение (СО) Институт физики прочности и материаловедения (ИФПМ), Национальный исследовательский Томский политехнический университет (ТПУ) Институт физики высоких технологий (ИФВТ) Кафедра материаловедения и технологии металлов (МТМ), Национальный исследовательский Томский государственный университет (ТГУ)
Weitere Verfasser: Криницын М. Г. Максим Германович (научный руководитель), Химич М. А., Ковалевская Ж. Г. Жанна Геннадьевна
Zusammenfassung:Заглавие с экрана
Sprache:Russisch
Veröffentlicht: 2017
Schriftenreihe:Аддитивные технологии получения новых материалов
Schlagworte:
Online-Zugang:http://earchive.tpu.ru/handle/11683/43738
Format: MixedMaterials Elektronisch Buchkapitel
KOHA link:https://koha.lib.tpu.ru/cgi-bin/koha/opac-detail.pl?biblionumber=624155

MARC

LEADER 00000naa2a2200000 4500
001 624155
005 20231101133311.0
035 |a (RuTPU)RU\TPU\conf\23368 
035 |a RU\TPU\conf\23366 
090 |a 624155 
100 |a 20171102d2017 k y0rusy50 ca 
101 0 |a rus  |e rus 
102 |a RU 
105 |a y z 101zy 
135 |a drgn ---uucaa 
181 0 |a i  
182 0 |a b 
200 1 |a Структура образцов TI-NB сплава, полученных СЛС-методом  |f В. А. Рубанов, М. Г. Криницын, М. А. Химич  |g науч. рук. Ж. Г. Ковалевская 
203 |a Текст  |c электронный 
225 1 |a Аддитивные технологии получения новых материалов 
230 |a 1 компьютерный файл (pdf; 471 Кб) 
300 |a Заглавие с экрана 
320 |a [Библиогр.: с. 299 (4 назв.)] 
463 0 |0 (RuTPU)RU\TPU\conf\23187  |t Современные технологии и материалы новых поколений  |o сборник трудов Международной конференции с элементами научной школы для молодежи, г. Томск, 9-13 октября 2017 г.  |f Национальный исследовательский Томский политехнический университет (ТПУ) ; Российская академия наук (РАН), Сибирское отделение (СО), Институт физики прочности и материаловедения (ИФПМ)  |v [С. 297-299]  |d 2017 
610 1 |a электронный ресурс 
610 1 |a структура 
610 1 |a образцы 
610 1 |a сплавы 
610 1 |a селективное лазерное плавление 
610 1 |a аддитивные технологии 
610 1 |a металлические порошки 
610 1 |a трещинообразование 
610 1 |a пористость 
610 1 |a слои 
700 1 |a Рубанов  |b В. А. 
701 1 |a Криницын  |b М. Г.  |c специалист в области машиностроения  |c инженер Томского политехнического университета  |f 1992-  |g Максим Германович  |2 stltpush  |3 (RuTPU)RU\TPU\pers\37436 
701 1 |a Химич  |b М. А. 
702 1 |a Ковалевская  |b Ж. Г.  |c специалист в области материаловедения  |c доцент Томского политехнического университета, кандидат технических наук  |c научный сотрудник Института физики прочности и материаловедения СО РАН  |f 1967-  |g Жанна Геннадьевна  |2 stltpush  |4 727 
712 0 2 |a Российская академия наук (РАН)  |b Сибирское отделение (СО)  |b Институт физики прочности и материаловедения (ИФПМ)  |c (Томск)  |2 stltpush  |3 (RuTPU)RU\TPU\col\265 
712 0 2 |a Национальный исследовательский Томский политехнический университет (ТПУ)  |b Институт физики высоких технологий (ИФВТ)  |b Кафедра материаловедения и технологии металлов (МТМ)  |h 73  |2 stltpush  |3 (RuTPU)RU\TPU\col\18689 
712 0 2 |a Национальный исследовательский Томский государственный университет (ТГУ)  |c (2009- )  |2 stltpush  |3 (RuTPU)RU\TPU\col\17230 
801 2 |a RU  |b 63413507  |c 20171103  |g RCR 
856 4 |u http://earchive.tpu.ru/handle/11683/43738 
942 |c BK